[Event "Bay Area International"]
[Site "?"]
[Date "2019.01.03"]
[Round "3"]
[White "Liou, Yian"]
[Black "Eswaran, Ashritha"]
[Result "1/2-1/2"]
[WhiteElo "2412"]
[BlackElo "2227"]
[PlyCount "73"]
[EventDate "2019.??.??"]
[SourceVersionDate "2019.01.03"]

1. e4 c5 2. Nf3 d6 3. Bb5+ Nd7 4. O-O Ngf6 5. Re1 a6 6. Bd3 g6 7. c3 Bg7 8. Bc2
O-O 9. d4 cxd4 10. cxd4 e5 11. Nc3 Qe7 12. Bg5 h6 13. Bh4 Nb6 14. h3 Qc7 15.
Bb3 Re8 16. Rc1 Qe7 17. a4 Be6 18. a5 Nc8 19. Ba4 Rd8 20. Qe2 g5 21. Bg3 Nh5
22. d5 Bd7 23. Nd2 Nf4 24. Qf3 Qf6 25. Bxd7 Rxd7 26. Na4 Rb8 27. Qg4 Qd8 28.
Bxf4 exf4 29. Nc4 Ne7 30. h4 Ng6 31. hxg5 hxg5 32. Ncb6 Ne5 33. Qf5 Re7 34.
Red1 Re8 35. Rc2 Qf6 36. Qxf6 Bxf6 37. Rdc1 1/2-1/2

[Event "Bay Area International"]
[Site "?"]
[Date "2019.01.03"]
[Round "3"]
[White "Mackenzie, Dana"]
[Black "Coleman, Teddy"]
[Result "0-1"]
[WhiteElo "2012"]
[BlackElo "2352"]
[PlyCount "27"]
[EventDate "2019.??.??"]
[SourceVersionDate "2019.01.03"]

1. e4 e5 2. f4 exf4 3. Bc4 d5 4. Bxd5 Nf6 5. Nc3 Nxd5 6. Nxd5 Bd6 7. d4 Qh4+ 8.
Kf1 Be6 9. Qf3 g5 10. e5 g4 11. Qxf4 Bxd5 12. exd6 Nc6 13. dxc7 Kd7 14. Nf3 0-1

[Event "Bay Area International"]
[Site "?"]
[Date "2019.01.03"]
[Round "3"]
[White "Naroditsky, Daniel"]
[Black "Harmon-Vellotti, Luke"]
[Result "1-0"]
[WhiteElo "2616"]
[BlackElo "2455"]
[PlyCount "97"]
[EventDate "2019.??.??"]
[SourceVersionDate "2019.01.03"]

1. d4 Nf6 2. Nc3 d5 3. Bf4 c6 4. e3 Bf5 5. f3 h6 6. g4 Bh7 7. h4 Qb6 8. Rb1 e6
9. Bd3 Nbd7 10. Nge2 O-O-O 11. b4 Bxb4 12. O-O Qa5 13. Rb3 Nb6 14. Qb1 Be7 15.
Qe1 Bxd3 16. cxd3 Ne8 17. Qb1 g5 18. Bg3 gxh4 19. Be1 Qa6 20. Nf4 Kb8 21. Qb2
Rd7 22. Bxh4 Bxh4 23. Ra3 Qxa3 24. Qxa3 Ng7 25. Qb2 Be7 26. a4 Bd6 27. a5 Nc8
28. Na4 Re8 29. Rc1 Rc7 30. a6 b6 31. Nc5 Bxc5 32. dxc5 e5 33. cxb6 axb6 34.
Ne2 Ka7 35. f4 f6 36. Nc3 Ree7 37. Na4 b5 38. Nc5 Ne6 39. Nb3 Rg7 40. g5 exf4
41. exf4 hxg5 42. Qxf6 gxf4+ 43. Kf2 Rge7 44. Re1 Nd8 45. Rxe7 Rxe7 46. Qf8 Rd7
47. Nc5 Rd6 48. Qf5 Kb8 49. Qxc8+ 1-0

[Event "Bay Area International"]
[Site "?"]
[Date "2019.01.03"]
[Round "3"]
[White "Negi, Parimarjan"]
[Black "Ali Marandi, Cemil Can"]
[Result "1/2-1/2"]
[WhiteElo "2656"]
[BlackElo "2530"]
[PlyCount "98"]
[EventDate "2019.??.??"]
[SourceVersionDate "2019.01.03"]

1. e4 e5 2. Nf3 Nc6 3. Bb5 a6 4. Ba4 Nge7 5. Nc3 d6 6. O-O Bg4 7. h3 Bh5 8. d3
h6 9. Bb3 Qc8 10. g4 Bg6 11. Nh4 h5 12. f4 hxg4 13. f5 Rxh4 14. fxg6 f6 15.
Bf7+ Kd8 16. hxg4 Rxg4+ 17. Kf2 Nxg6 18. Rg1 Rxg1 19. Qxg1 Nf4 20. Qh2 Qg4 21.
Bxf4 Qxf4+ 22. Qxf4 exf4 23. Nd5 Ne5 24. Be6 c6 25. Nxf4 g5 26. Nh5 Ke7 27. Bb3
Bh6 28. Ng3 Rh8 29. Nf5+ Kd7 30. Rh1 Bg7 31. Be6+ Kc7 32. Rxh8 Bxh8 33. d4 Ng6
34. Kg3 Nh4 35. Kg4 Nxf5 36. Bxf5 Kd8 37. c3 c5 38. d5 b5 39. Kh5 b4 40. cxb4
cxb4 41. b3 Ke7 42. Kg4 a5 43. Kh5 Kf8 44. Kg6 g4 45. Bxg4 f5 46. exf5 Ke7 47.
Kg5 Bf6+ 48. Kf4 Be5+ 49. Ke3 Kd8 1/2-1/2

[Event "Bay Area International"]
[Site "?"]
[Date "2019.01.03"]
[Round "3"]
[White "Marek, Matyas"]
[Black "Watson, John"]
[Result "1/2-1/2"]
[WhiteElo "2358"]
[BlackElo "2203"]
[PlyCount "78"]
[EventDate "2019.??.??"]
[SourceVersionDate "2019.01.03"]

1. d4 Nf6 2. Bf4 d5 3. Nf3 c5 4. e3 Nc6 5. c3 Qb6 6. b3 Bf5 7. Bd3 Bxd3 8. Qxd3
e6 9. Nbd2 Be7 10. h3 O-O 11. O-O Rac8 12. dxc5 Qxc5 13. b4 Qb6 14. a4 Qd8 15.
Rfd1 Bd6 16. Bg5 h6 17. Bh4 g5 18. Bg3 Bxg3 19. fxg3 Qc7 20. g4 Ne5 21. Nxe5
Qxe5 22. Rac1 Rc7 23. c4 Rfc8 24. c5 b6 25. Qd4 Nd7 26. Nb3 bxc5 27. Nxc5 a5
28. Rb1 Qxd4 29. exd4 axb4 30. Nxd7 Rxd7 31. Rxb4 Rc2 32. Ra1 Rdc7 33. Kh2 Rd2
34. a5 Rcc2 35. Rba4 Rxg2+ 36. Kh1 Rh2+ 37. Kg1 Rcg2+ 38. Kf1 Rd2 39. Kg1 Rdg2+
1/2-1/2

[Event "Bay Area International"]
[Site "?"]
[Date "2019.01.03"]
[Round "3"]
[White "Mishra, Abhimanyu"]
[Black "Shankar, Gauri"]
[Result "1/2-1/2"]
[WhiteElo "2120"]
[BlackElo "2359"]
[PlyCount "122"]
[EventDate "2019.??.??"]
[SourceVersionDate "2019.01.03"]

1. e4 e5 2. Nf3 Nc6 3. Bc4 Bc5 4. c3 Nf6 5. d3 d6 6. O-O O-O 7. Nbd2 a5 8. a4
Be6 9. Bxe6 fxe6 10. Nc4 Qe8 11. Be3 Bxe3 12. Nxe3 Rb8 13. Re1 Qg6 14. Nd2 Nh5
15. f3 Nf4 16. Qc2 d5 17. Ndf1 Rbd8 18. Rad1 Rf7 19. Rd2 Rfd7 20. Red1 d4 21.
Nc4 Qg5 22. Kh1 h6 23. Kg1 Kh7 24. Kh1 Kh8 25. Kg1 Qe7 26. Kh1 Qc5 27. g3 Nh3
28. Kg2 Ng5 29. h4 Nf7 30. Qb3 b6 31. Qa3 Qxa3 32. Nxa3 Nd6 33. Kf2 Nb7 34.
cxd4 exd4 35. Rc2 Nc5 36. Rxc5 bxc5 37. Nc4 Rb8 38. Nfd2 Rb4 39. b3 Rd8 40. Ke2
Rdb8 41. Rb1 g5 42. h5 Kg7 43. e5 Kf7 44. Kf2 Ke7 45. Ke2 R4b7 46. Kf2 Nb4 47.
Ke2 Nd5 48. Kf2 Nc3 49. Ra1 Rxb3 50. Nxb3 Rxb3 51. Nxa5 Rb2+ 52. Kf1 Rh2 53.
Kg1 Rd2 54. Nb3 Rxd3 55. Nxc5 Rxf3 56. a5 Rf8 57. a6 Ra8 58. Rf1 d3 59. Nxd3
Rxa6 60. Rf6 Ne4 61. Rxh6 Ra3 1/2-1/2

[Event "Bay Area International"]
[Site "?"]
[Date "2019.01.03"]
[Round "3"]
[White "Ostrovskiy, Aleksandr"]
[Black "O'Connor, Derek"]
[Result "1-0"]
[WhiteElo "2439"]
[BlackElo "2275"]
[PlyCount "51"]
[EventDate "2019.??.??"]
[SourceVersionDate "2019.01.03"]

1. e4 e5 2. Nf3 Nc6 3. Bc4 Bc5 4. O-O Nf6 5. d3 O-O 6. c3 d5 7. exd5 Nxd5 8. a4
a6 9. Nbd2 Nb6 10. Ba2 a5 11. Ne4 Be7 12. Ng3 h6 13. Re1 Bd6 14. Be3 Kh8 15.
Qd2 Kh7 16. d4 exd4 17. Nxd4 Nxd4 18. Bxd4 Bxg3 19. Qd3+ g6 20. Qxg3 Nd7 21.
Rad1 b6 22. h4 Ra7 23. Qf4 c5 24. Be3 Qf6 25. Qxh6+ Kg8 26. Bg5 1-0

[Event "Bay Area International"]
[Site "?"]
[Date "2019.01.03"]
[Round "3"]
[White "Peng, Shunkai"]
[Black "Katz, Alexander"]
[Result "1/2-1/2"]
[WhiteElo "2285"]
[BlackElo "2433"]
[PlyCount "86"]
[EventDate "2019.??.??"]
[SourceVersionDate "2019.01.03"]

1. d4 Nf6 2. Bf4 d6 3. e3 g6 4. Nf3 Bg7 5. h3 O-O 6. Be2 Nbd7 7. O-O b6 8. a4
a6 9. c3 Bb7 10. Nbd2 Re8 11. Bh2 e5 12. Bc4 e4 13. Ne1 Nf8 14. a5 b5 15. Be2
c5 16. Nc2 c4 17. Nb4 Nd5 18. Nxd5 Bxd5 19. f3 f5 20. fxe4 fxe4 21. Qe1 Bh6 22.
Bg4 Qe7 23. Qf2 Ne6 24. Rae1 Bg5 25. Kh1 Rf8 26. Qg1 Ng7 27. Bd1 Rxf1 28. Rxf1
Rf8 29. Rxf8+ Qxf8 30. Bc2 Nf5 31. Bxe4 Bxe4 32. Nxe4 Bxe3 33. Qe1 Qe7 34. Nxd6
Bg5 35. Ne4 Bh4 36. Qe2 h5 37. Kg1 Bg5 38. Be5 Be3+ 39. Kh2 Qh4 40. Nf6+ Kf7
41. g3 Bf4 42. Bxf4 Qxf6 43. Qe4 Ne7 1/2-1/2

[Event "Bay Area International"]
[Site "?"]
[Date "2019.01.03"]
[Round "3"]
[White "Polavaram, Rithik"]
[Black "Ruiz, Joshua"]
[Result "0-1"]
[WhiteElo "2056"]
[BlackElo "2459"]
[PlyCount "108"]
[EventDate "2019.??.??"]
[SourceVersionDate "2019.01.03"]

1. d4 Nf6 2. c4 e6 3. Nc3 Bb4 4. e3 O-O 5. Nge2 d5 6. a3 Be7 7. Ng3 b6 8. cxd5
exd5 9. Bd3 Re8 10. b4 Bb7 11. O-O Nbd7 12. Bd2 c6 13. Nce2 g6 14. f3 c5 15.
Qb1 Rb8 16. e4 dxe4 17. fxe4 cxd4 18. Bf4 Rc8 19. Nxd4 Nc5 20. bxc5 Qxd4+ 21.
Kh1 Bxc5 22. Ne2 Qd7 23. Rd1 Ng4 24. Bg3 Ne3 25. Re1 Rcd8 26. Nf4 Qe7 27. Bf2
Ng4 28. Bg3 Bf2 29. Re2 Bxg3 30. hxg3 Qc5 31. Qc2 Qxc2 32. Bxc2 Bxe4 33. Bxe4
Rxe4 34. Rxe4 Nf2+ 35. Kh2 Nxe4 36. Re1 Rd4 37. Re3 Kg7 38. Ne2 Ra4 39. Kg1 Nd6
40. Rd3 Nb5 41. Rd5 Nxa3 42. Nc3 Rc4 43. Nb5 Nxb5 44. Rxb5 Rc2 45. g4 Rc4 46.
g5 Rc5 47. Rb3 Rxg5 48. Kf2 Ra5 49. Kf3 b5 50. g3 h5 51. Kf4 Ra4+ 52. Kf3 b4
53. Kf4 a5 54. Kf3 Ra3 0-1

[Event "Bay Area International"]
[Site "?"]
[Date "2019.01.03"]
[Round "3"]
[White "Polgar-Shutzman, Tom"]
[Black "Stearman, Josiah"]
[Result "1-0"]
[WhiteElo "2181"]
[BlackElo "2298"]
[PlyCount "65"]
[EventDate "2019.??.??"]
[SourceVersionDate "2019.01.03"]

1. e4 c5 2. Nf3 Nc6 3. Bb5 g6 4. O-O Bg7 5. Re1 Nf6 6. e5 Nd5 7. Nc3 Nc7 8.
Bxc6 dxc6 9. Ne4 Ne6 10. d3 O-O 11. Be3 b6 12. Qd2 Nd4 13. Nxd4 cxd4 14. Bh6 c5
15. h4 Bb7 16. f3 Qc7 17. Bxg7 Kxg7 18. Nf2 h5 19. Qf4 Rad8 20. Re2 b5 21. Rae1
Qa5 22. Qg5 Rfe8 23. Nh3 Kh7 24. Nf4 e6 25. Kf2 Qc7 26. g4 hxg4 27. h5 Bxf3 28.
hxg6+ fxg6 29. Qxg6+ Kh8 30. Kg3 Qg7 31. Rh2+ Kg8 32. Rh6 Re7 33. Qh5 1-0

[Event "Bay Area International"]
[Site "?"]
[Date "2019.01.03"]
[Round "3"]
[White "SantAnna, Paulo"]
[Black "Wu, Rochelle"]
[Result "0-1"]
[WhiteElo "1871"]
[BlackElo "2154"]
[PlyCount "58"]
[EventDate "2019.??.??"]
[SourceVersionDate "2019.01.03"]

1. Nf3 Nf6 2. c4 c6 3. Nc3 d5 4. e3 e6 5. b3 Nbd7 6. Bb2 Bd6 7. Qc2 O-O 8. Be2
Re8 9. Rg1 e5 10. cxd5 cxd5 11. Nb5 Qe7 12. Nc7 Bxc7 13. Qxc7 d4 14. Bc4 b5 15.
Bxb5 Rb8 16. a4 Bb7 17. Ba3 Qe6 18. Bc4 Qf5 19. Qa5 Bxf3 20. gxf3 Qxf3 21. Be2
Qf5 22. b4 d3 23. Bd1 Ne4 24. f4 Qh3 25. Bb3 Qh4+ 26. Rg3 Rec8 27. Qd5 Nxg3 28.
Qxf7+ Kh8 29. hxg3 Qh2 0-1

[Event "Bay Area International"]
[Site "?"]
[Date "2019.01.03"]
[Round "3"]
[White "Santarius, Erik"]
[Black "Jones, Craig"]
[Result "1-0"]
[WhiteElo "2393"]
[BlackElo "2138"]
[PlyCount "63"]
[EventDate "2019.??.??"]
[SourceVersionDate "2019.01.03"]

1. d4 d5 2. Nf3 Nf6 3. c4 c6 4. Nbd2 Bf5 5. Nh4 Bg6 6. Qb3 Qb6 7. Qh3 Nbd7 8.
Nxg6 fxg6 9. e3 c5 10. dxc5 Nxc5 11. Be2 Nfe4 12. Nxe4 dxe4 13. O-O e5 14. Rb1
Rd8 15. b4 Be7 16. Ba3 Nd3 17. Qg4 Qa6 18. Rb3 Qxc4 19. Rxd3 Rxd3 20. Bxd3 Qxd3
21. Rd1 Qxa3 22. Qc8+ Kf7 23. Qxh8 Qxb4 24. Qc8 Qa4 25. Rd2 Qb4 26. Qc2 Ke6 27.
Rd1 b5 28. Qc6+ Kf7 29. Qd5+ Kf6 30. Rc1 Bd6 31. h4 Kf5 32. Rc6 1-0

[Event "Bay Area International"]
[Site "?"]
[Date "2019.01.03"]
[Round "3"]
[White "Sevian, Samuel"]
[Black "Escalante Ramirez, Brian"]
[Result "1-0"]
[WhiteElo "2647"]
[BlackElo "2446"]
[PlyCount "99"]
[EventDate "2019.??.??"]
[SourceVersionDate "2019.01.03"]

1. e4 c5 2. Nf3 d6 3. d4 cxd4 4. Nxd4 Nf6 5. Nc3 Nc6 6. Bg5 e6 7. Qd2 a6 8.
O-O-O h6 9. Be3 Be7 10. f3 Nxd4 11. Bxd4 e5 12. Be3 Be6 13. g4 Rc8 14. Nd5 Bxd5
15. exd5 Nd7 16. h4 Bxh4 17. Kb1 Rg8 18. f4 exf4 19. Bxf4 Bg5 20. Qe2+ Ne5 21.
Bxe5 dxe5 22. Qxe5+ Kf8 23. d6 Bf6 24. Qe3 Qd7 25. Qa3 g6 26. Qe3 Qxg4 27.
Qxh6+ Bg7 28. Qd2 Rh8 29. d7 Rd8 30. Rxh8+ Bxh8 31. Bg2 b6 32. Qd6+ Kg8 33. Bc6
Be5 34. Qd5 Bf6 35. a3 Qe6 36. Qxe6 fxe6 37. Rd6 Kf7 38. Ba4 b5 39. Bb3 a5 40.
Bxe6+ Ke7 41. Rc6 b4 42. axb4 axb4 43. Bg4 Kf7 44. Rc8 Be7 45. Ka2 Kf6 46. Kb3
Kg5 47. Be6 Kf6 48. Bh3 Ke5 49. Rxd8 Bxd8 50. Kxb4 1-0

[Event "Bay Area International"]
[Site "?"]
[Date "2019.01.03"]
[Round "3"]
[White "Shen, Christopher"]
[Black "Talyansky, Seth"]
[Result "0-1"]
[WhiteElo "2311"]
[BlackElo "2201"]
[PlyCount "126"]
[EventDate "2019.??.??"]
[SourceVersionDate "2019.01.03"]

1. c4 e6 2. g3 d5 3. Nf3 dxc4 4. Bg2 a6 5. a4 Nf6 6. Qc2 Be7 7. O-O O-O 8. Qxc4
b5 9. Qb3 Bb7 10. axb5 Bd5 11. Qd3 Nbd7 12. Nc3 Nc5 13. Qb1 axb5 14. Nxd5 Nxd5
15. Rxa8 Qxa8 16. b4 Na6 17. Ba3 c6 18. Ne5 Naxb4 19. Bb2 c5 20. d3 Rc8 21. Rc1
Qa6 22. e4 Nb6 23. Rd1 Na4 24. Ba1 Bf8 25. Qc1 Nc6 26. Nxc6 Qxc6 27. Qf4 b4 28.
e5 Qd7 29. Qc4 Rb8 30. Rb1 Rd8 31. Be4 Nb6 32. Qc2 h6 33. Bb2 Nd5 34. Ra1 Qb7
35. Qa4 b3 36. Qc4 Rb8 37. h4 Qd7 38. Kg2 Rb4 39. Qa6 Rb8 40. Qc4 Rb4 41. Qa6
c4 42. dxc4 Ne3+ 43. fxe3 Qd2+ 44. Kh3 Qxb2 45. Rf1 Qxe5 46. Qc6 f5 47. Bb1 b2
48. Qe8 Rb8 49. Qg6 Qxe3 50. c5 Qe2 51. Rh1 Bxc5 52. Ba2 Qg4+ 53. Qxg4 fxg4+
54. Kxg4 Kf7 55. Re1 Rb6 56. Bb1 Bd4 57. Be4 Rb3 58. Rf1+ Ke7 59. Bc2 Rc3 60.
Bg6 Be5 61. Rf3 h5+ 62. Kxh5 Rxf3 63. Be4 Rxg3 0-1

[Event "Bay Area International"]
[Site "?"]
[Date "2019.01.03"]
[Round "3"]
[White "Shetty, Atulya"]
[Black "Nagarajan, Pranav"]
[Result "1-0"]
[WhiteElo "2401"]
[BlackElo "2206"]
[PlyCount "95"]
[EventDate "2019.??.??"]
[SourceVersionDate "2019.01.03"]

1. c4 c5 2. g3 g6 3. Bg2 Bg7 4. Nc3 Nc6 5. Nf3 e5 6. O-O d6 7. a3 a5 8. Ne1 Be6
9. d3 Nge7 10. Nc2 d5 11. cxd5 Nxd5 12. Ne3 Nb6 13. Na4 Nxa4 14. Qxa4 O-O 15.
Bxc6 bxc6 16. Qxc6 Qd4 17. Nc2 Qg4 18. f3 Qh3 19. Ne3 e4 20. Ng2 exd3 21. Nf4
dxe2 22. Nxh3 exf1=Q+ 23. Kxf1 Bxh3+ 24. Kf2 Rfe8 25. Be3 Rab8 26. Re1 Rec8 27.
Qa6 Rxb2+ 28. Re2 Rxe2+ 29. Kxe2 Be6 30. Qxa5 c4 31. a4 c3 32. Qb6 c2 33. Bc1
Bc3 34. g4 Bc4+ 35. Kf2 Re8 36. Qc6 Re2+ 37. Kg3 Be5+ 38. f4 Re1 39. Bd2 Rg1+
40. Kh4 Be6 41. f5 h5 42. fxe6 Bf6+ 43. g5 Rg4+ 44. Kh3 Bxg5 45. Bxg5 Rxg5 46.
Qe8+ Kh7 47. Qxf7+ Kh6 48. Qf4 1-0

[Event "Bay Area International"]
[Site "?"]
[Date "2019.01.03"]
[Round "3"]
[White "Stukopin, Andrey"]
[Black "Bruzon, Lazaro"]
[Result "1/2-1/2"]
[WhiteElo "2565"]
[BlackElo "2664"]
[PlyCount "161"]
[EventDate "2019.??.??"]
[SourceVersionDate "2019.01.03"]

1. e4 c5 2. Nf3 d6 3. d4 cxd4 4. Qxd4 Nc6 5. Bb5 Bd7 6. Qd3 Nf6 7. c4 g6 8. Nc3
Bg7 9. h3 Nb4 10. Qe2 a6 11. Bxd7+ Nxd7 12. O-O Bxc3 13. bxc3 Nc6 14. Rb1 Qc7
15. Bh6 Rc8 16. Ng5 Nd8 17. Rb4 a5 18. Rb5 f6 19. Nf3 Qxc4 20. Qxc4 Rxc4 21.
Rxa5 Rxe4 22. Nd2 Re5 23. Ra8 Nb6 24. Ra7 Kf7 25. Be3 Nd5 26. Nc4 Re4 27. Bd4
Ke6 28. Nd2 Re2 29. Rd1 Nc6 30. Rxb7 Nxd4 31. cxd4 Ra8 32. Kf1 Nc3 33. Nb1 Nxb1
34. Rbxb1 Raxa2 35. Re1 Rxe1+ 36. Rxe1+ Kf7 37. Rd1 g5 38. d5 h5 39. g3 Ra4 40.
Rd3 f5 41. Rd2 Kf6 42. f3 f4 43. gxf4 Rxf4 44. Kg2 Kf7 45. Rd3 Ke8 46. Kg3 Kd7
47. Rd2 Rf5 48. Rd4 Kc7 49. h4 Kb6 50. Re4 gxh4+ 51. Kxh4 Rxf3 52. Kxh5 Kc5 53.
Rxe7 Kxd5 54. Kg4 Rf8 55. Re1 Rf6 56. Rd1+ Kc6 57. Rc1+ Kd7 58. Rd1 Rf8 59. Kg3
Kc6 60. Rc1+ Kb5 61. Rb1+ Kc4 62. Rc1+ Kb3 63. Rd1 Rf6 64. Kg4 Kc2 65. Kg5 Re6
66. Rd5 Kc3 67. Kf5 Rh6 68. Rd1 Kc4 69. Kg5 Re6 70. Kf5 Re5+ 71. Kf4 Rd5 72.
Rc1+ Kb5 73. Ke3 Rc5 74. Rb1+ Kc4 75. Rc1+ Kd5 76. Rh1 Rc3+ 77. Kd2 Rg3 78.
Rh5+ Kc4 79. Rh4+ Kc5 80. Kc2 d5 81. Kd2 1/2-1/2

[Event "Bay Area International"]
[Site "?"]
[Date "2019.01.03"]
[Round "3"]
[White "Taghizadeh, Rayan"]
[Black "Wang, Kevin"]
[Result "1-0"]
[WhiteElo "2298"]
[BlackElo "2450"]
[PlyCount "45"]
[EventDate "2019.??.??"]
[SourceVersionDate "2019.01.03"]

1. d4 Nf6 2. Bf4 c5 3. d5 d6 4. Nc3 e5 5. Bd2 g6 6. e4 Bg7 7. g3 O-O 8. Bg2 Ne8
9. h4 f5 10. h5 Nf6 11. hxg6 hxg6 12. Nh3 Qe8 13. a4 a6 14. Ng5 Ng4 15. Qe2 Bd7
16. b3 Qe7 17. a5 fxe4 18. Ncxe4 Nh6 19. c3 Bg4 20. f3 Bd7 21. Bh3 Nf5 22. Qh2
Re8 23. Bg4 1-0

[Event "Bay Area International"]
[Site "?"]
[Date "2019.01.03"]
[Round "3"]
[White "Venkataraman, Karthik"]
[Black "Bick, Gabriel"]
[Result "1-0"]
[WhiteElo "2515"]
[BlackElo "2381"]
[PlyCount "95"]
[EventDate "2019.??.??"]
[SourceVersionDate "2019.01.03"]

1. d4 Nf6 2. c4 g6 3. Nc3 Bg7 4. e4 d6 5. Be2 O-O 6. Be3 c5 7. d5 e6 8. Nf3
exd5 9. cxd5 Bg4 10. Nd2 Bxe2 11. Qxe2 Na6 12. O-O Nc7 13. a4 Re8 14. Kh1 a6
15. f3 Nd7 16. Nc4 Qf6 17. f4 b5 18. e5 dxe5 19. Ne4 Qe7 20. d6 Qe6 21. dxc7
bxc4 22. Ng5 Qe7 23. f5 Nf6 24. fxg6 hxg6 25. Qxc4 Qxc7 26. Rf2 Re7 27. Raf1
Qc6 28. Qh4 Raa7 29. b4 cxb4 30. Bxa7 Rxa7 31. Qxb4 Rb7 32. Qa5 Qd6 33. Rd2 Qb4
34. Rd8+ Bf8 35. Qxa6 Qe7 36. Ra8 Kg7 37. Qe2 e4 38. Ra5 Rd7 39. Ra6 Rd6 40.
Rxd6 Qxd6 41. Nxe4 Nxe4 42. Qxe4 Qc5 43. Qf4 Qd5 44. a5 Bd6 45. Qf6+ Kh6 46. a6
Qb5 47. a7 Be5 48. Qf3 1-0

[Event "Bay Area International"]
[Site "?"]
[Date "2019.01.03"]
[Round "3"]
[White "Xiong, Jeffery"]
[Black "Bai, Jinshi"]
[Result "1/2-1/2"]
[WhiteElo "2672"]
[BlackElo "2572"]
[PlyCount "66"]
[EventDate "2019.??.??"]
[SourceVersionDate "2019.01.03"]

1. e4 e5 2. Nf3 Nf6 3. Nxe5 d6 4. Nf3 Nxe4 5. Bd3 Nf6 6. O-O Be7 7. c3 Bg4 8.
Bc2 O-O 9. d4 Bh5 10. Re1 Re8 11. Bg5 Nbd7 12. Nbd2 d5 13. Bf5 c6 14. Qc2 Bg6
15. Ne5 Nxe5 16. dxe5 Nd7 17. Bxe7 Rxe7 18. Bxg6 hxg6 19. f4 g5 20. g3 Qb6+ 21.
Kh1 Rae8 22. Nf3 f6 23. exf6 Rxe1+ 24. Rxe1 Rxe1+ 25. Nxe1 gxf4 26. fxg7 Qe3
27. Ng2 Qf3 28. Kg1 fxg3 29. hxg3 Qxg3 30. Qa4 Ne5 31. Qxa7 Nf3+ 32. Kf1 Nh2+
33. Kg1 Nf3+ 1/2-1/2

[Event "Bay Area International"]
[Site "?"]
[Date "2019.01.03"]
[Round "3"]
[White "Yoo, Christopher"]
[Black "Liem, Le Quang"]
[Result "1-0"]
[WhiteElo "2388"]
[BlackElo "2714"]
[PlyCount "95"]
[EventDate "2019.??.??"]
[SourceVersionDate "2019.01.03"]

1. e4 c6 2. d4 d5 3. exd5 cxd5 4. Nf3 Nc6 5. Bb5 e6 6. c4 dxc4 7. O-O Bd6 8.
Nc3 Nge7 9. Bg5 O-O 10. Bxc4 b6 11. a3 Bb7 12. Re1 Rc8 13. Ba2 h6 14. Bh4 Qd7
15. d5 exd5 16. Nxd5 Nxd5 17. Bxd5 Rfe8 18. Rxe8+ Rxe8 19. Kh1 g5 20. Bxg5 hxg5
21. Nxg5 Nd8 22. Bxb7 Nxb7 23. Qd3 Kf8 24. Qd4 Re5 25. f4 Qg4 26. Rd1 Re2 27.
Nh7+ Ke7 28. Qf6+ Kd7 29. Qxd6+ Nxd6 30. Nf6+ Ke6 31. Nxg4 Rxb2 32. Ne3 Re2 33.
Nd5 Nc4 34. h4 Kf5 35. h5 Re6 36. Rc1 Nd6 37. Kg1 Kg4 38. Rc7 a5 39. Rc6 b5 40.
Nc7 Re7 41. h6 Nf5 42. h7 Re1+ 43. Kf2 Rh1 44. Nd5 Ng3 45. Rc8 Ne4+ 46. Ke3
Rxh7 47. Kxe4 Rh6 48. Ne3+ 1-0

[Event "Bay Area International"]
[Site "?"]
[Date "2019.01.03"]
[Round "3"]
[White "Yanayt, Eugene"]
[Black "Kiewra, Keaton"]
[Result "1/2-1/2"]
[WhiteElo "2143"]
[BlackElo "2362"]
[PlyCount "128"]
[EventDate "2019.??.??"]
[SourceVersionDate "2019.01.03"]

1. Nf3 d5 2. d4 Nf6 3. c4 e6 4. g3 Bb4+ 5. Bd2 Bd6 6. Bg2 c6 7. O-O O-O 8. Qc2
Ne4 9. Bf4 Bxf4 10. gxf4 Nd7 11. Nbd2 Nxd2 12. Qxd2 dxc4 13. Rfc1 b5 14. b3
cxb3 15. axb3 Bb7 16. Ne5 Nxe5 17. fxe5 a5 18. Rc3 Qe7 19. Rg3 a4 20. b4 f6 21.
Raa3 Rad8 22. Rad3 Rd7 23. Be4 f5 24. Bg2 Kh8 25. Rh3 Rg8 26. Rh5 g5 27. Rdh3
Rg6 28. Rxh7+ Qxh7 29. Rxh7+ Kxh7 30. Qc3 Rgg7 31. e4 c5 32. bxc5 Bxe4 33. Bxe4
fxe4 34. Qh3+ Kg6 35. Qxe6+ Kh5 36. Qh3+ Kg6 37. Qe6+ Kh5 38. Qe8+ Kh6 39. e6
Ra7 40. Qh8+ Kg6 41. Qe8+ Kf5 42. Qxb5 Rgb7 43. Qc6 a3 44. Qd5+ Kg6 45. Qa2 Kf6
46. c6 Rb2 47. c7 Rxa2 48. c8=Q Rb2 49. e7 Rxe7 50. Qa6+ Kf7 51. Qxa3 e3 52.
fxe3 Re2 53. Qa5 R7xe3 54. Qf5+ Ke7 55. Qxg5+ Ke6 56. Qg4+ Kd5 57. Qd7+ Ke4 58.
Qe6+ Kd3 59. Qb3+ Ke4 60. Qe6+ Kxd4 61. Qd6+ Kc3 62. Qa3+ Kc2 63. Qa2+ Kc3 64.
Qa3+ Kc2 1/2-1/2

[Event "Bay Area International"]
[Site "?"]
[Date "2019.01.03"]
[Round "3"]
[White "Zhu, Jack"]
[Black "Ramirez, Alejandro"]
[Result "0-1"]
[WhiteElo "2364"]
[BlackElo "2567"]
[PlyCount "114"]
[EventDate "2019.??.??"]
[SourceVersionDate "2019.01.03"]

1. e4 c5 2. Nf3 Nc6 3. d4 cxd4 4. Nxd4 g6 5. c4 Nf6 6. Nc3 d6 7. Be2 Nxd4 8.
Qxd4 Bg7 9. Bg5 O-O 10. Qd2 a5 11. O-O a4 12. Rac1 Qa5 13. Rfd1 Be6 14. f3 Rfc8
15. Nb5 Qxd2 16. Rxd2 Kf8 17. Nd4 Bd7 18. Rcd1 Be8 19. Be3 Nd7 20. Kf2 Ne5 21.
b3 axb3 22. axb3 Nd7 23. Rb1 Nc5 24. b4 Na4 25. Rb3 Bd7 26. Ra3 Nb6 27. Rxa8
Rxa8 28. c5 dxc5 29. bxc5 Na4 30. Ra2 Rd8 31. Nb3 Rc8 32. Rd2 Be6 33. Nc1 Bc3
34. Rc2 Nxc5 35. Rxc3 Nxe4+ 36. fxe4 Rxc3 37. Bd2 Rc8 38. Ke3 Bc4 39. Bg4 Ra8
40. e5 Bd5 41. g3 Ra4 42. Be2 Bc4 43. Bxc4 Rxc4 44. Nb3 Ke8 45. Kd3 Ra4 46. Nd4
Ra1 47. h4 Ra3+ 48. Bc3 h5 49. Ne2 Kd7 50. Nd4 Ke8 51. Ne2 b5 52. Kc2 Kd7 53.
Kb2 b4 54. Bxb4 Re3 55. Nc1 Rxg3 56. Kc2 g5 57. Be1 Rg4 0-1

[Event "Bay Area International"]
[Site "?"]
[Date "2019.01.03"]
[Round "3"]
[White "Zierk, Steven"]
[Black "Williams, Justus"]
[Result "1/2-1/2"]
[WhiteElo "2510"]
[BlackElo "2316"]
[PlyCount "77"]
[EventDate "2019.??.??"]
[SourceVersionDate "2019.01.03"]

1. d4 Nf6 2. Bf4 d5 3. e3 e6 4. Nd2 Bd6 5. Bg3 c5 6. c3 Nc6 7. Ngf3 O-O 8. Bd3
Re8 9. Ne5 Bxe5 10. dxe5 Nd7 11. f4 c4 12. Bc2 Qb6 13. O-O Qxb2 14. Nf3 Nf8 15.
Qd2 Qa3 16. Bh4 b5 17. e4 Bb7 18. exd5 exd5 19. Nd4 b4 20. Nxc6 Bxc6 21. cxb4
a5 22. b5 Bxb5 23. Qxd5 Rab8 24. Rab1 Bd7 25. Qd2 Bc6 26. Bf2 Red8 27. Qe2 Qc3
28. Rbc1 Rb2 29. e6 Nxe6 30. Bxh7+ Kh8 31. Qg4 Qf6 32. Bf5 Nd4 33. Qh5+ Qh6 34.
Qxh6+ gxh6 35. Rxc4 Ne2+ 36. Kh1 Bb5 37. Bh4 Bxc4 38. Bxd8 Kg7 39. Rd1 1/2-1/2

[Event "Bay Area International"]
[Site "?"]
[Date "2019.01.03"]
[Round "4"]
[White "Bai, Jinshi"]
[Black "Negi, Parimarjan"]
[Result "1-0"]
[WhiteElo "2572"]
[BlackElo "2656"]
[PlyCount "73"]
[EventDate "2019.??.??"]
[SourceVersionDate "2019.01.04"]

1. Nf3 Nf6 2. c4 e6 3. g3 b6 4. Bg2 Bb7 5. O-O Be7 6. b3 O-O 7. Bb2 c5 8. d4
cxd4 9. Qxd4 Nc6 10. Qf4 Rc8 11. Rd1 Qc7 12. Nc3 a6 13. Qxc7 Rxc7 14. Nd5 exd5
15. cxd5 Rcc8 16. dxc6 dxc6 17. Ne5 Rc7 18. Nc4 b5 19. Be5 Rcc8 20. Bd6 bxc4
21. Bxe7 Rfe8 22. Bxf6 gxf6 23. Rd7 Rb8 24. bxc4 Bc8 25. Rd6 c5 26. e3 Kg7 27.
Bd5 Rb2 28. h4 Be6 29. Rxa6 Bxd5 30. cxd5 Reb8 31. Rc1 Rd2 32. Rc4 f5 33. d6
Rbb2 34. Rf4 Rd5 35. a4 Rb4 36. Rxb4 cxb4 37. Rb6 1-0

[Event "Bay Area International"]
[Site "?"]
[Date "2019.01.03"]
[Round "4"]
[White "Bick, Gabriel"]
[Black "Mishra, Abhimanyu"]
[Result "1/2-1/2"]
[WhiteElo "2381"]
[BlackElo "2120"]
[PlyCount "73"]
[EventDate "2019.??.??"]
[SourceVersionDate "2019.01.04"]

1. e4 c5 2. Nf3 e6 3. d4 cxd4 4. Nxd4 Nc6 5. Nc3 Qc7 6. f4 a6 7. Nxc6 Qxc6 8.
Bd3 b5 9. Qe2 Bb7 10. Bd2 Be7 11. a3 Nf6 12. e5 Nd5 13. Be4 O-O 14. Rf1 f5 15.
Nxd5 exd5 16. Bd3 d4 17. Rg1 Qd5 18. Qh5 Qe6 19. Kf2 Be4 20. Qe2 Bxd3 21. Qxd3
Rac8 22. Rgd1 Rc6 23. Kf1 Rfc8 24. Rac1 Bc5 25. Be1 d6 26. exd6 Qxd6 27. Bd2
Qd5 28. Re1 Bd6 29. c3 Qc4 30. Qxc4+ Rxc4 31. cxd4 Rxc1 32. Rxc1 Rxc1+ 33. Bxc1
Kf7 34. b3 Ke6 35. Ke2 Kd5 36. Kd3 g6 37. h3 1/2-1/2